L'Enéide

Gardado en:
Detalles Bibliográficos
Autor Principal: Virgilio (Author)
Formato: Libro
Idioma:francés
Publicado: París Garnier 1955
Series:Classiques Garnier
Subjects:
Tags: Engadir etiqueta
Sen Etiquetas, Sexa o primeiro en etiquetar este rexistro!

MARC

LEADER 00000nam a2200000 a 4500
001 UCP4012
003 CL-VaPUC
008 990709e19550000FR |||||||||||||||||fre|d
082 0 4 |a 873  |b VIR  |2 21 
100 0 |a Virgilio  |e author  |9 266332 
245 1 2 |a L'Enéide 
300 |a 2 v 
942 |c BK 
945 |d 19990709 00:00:00  |a lriquelm 
260 |a París  |b Garnier  |c 1955 
500 |a v.1: Livres I - VI 
500 |a v.2: Livres VII - XII 
600 0 7 |a VIRGILIO MARON, PUBLIO  |2 CL-VaPUC  |9 266333 
650 0 |a Poesías épicas latinas   |9 265355 
650 0 |a Formas y géneros literarios  |9 324031 
650 0 |a Literatura latina   |9 258055 
583 |a last modification  |c 19990709 00:00:00  |k Rodrigo Vera 
490 0 |a Classiques Garnier 
999 |c 282092  |d 282090 
952 |0 0  |1 0  |4 0  |6 873_000000000000000_VIR_1955  |7 0  |8 X  |9 323508  |a BIBHIS  |b BIBHIS  |d 2019-11-20  |h v.1  |i 1364367  |o 873 VIR 1955  |p 1364367  |r 2024-01-30  |w 2019-11-20  |y BK_X  |k HIS 
952 |0 0  |1 0  |4 0  |6 873_000000000000000_VIR_1955  |7 0  |8 X  |9 323509  |a BIBHIS  |b BIBHIS  |d 2019-11-20  |h v.2  |i 1364375  |o 873 VIR 1955  |p 1364375  |r 2024-01-30  |w 2019-11-20  |y BK_X  |k HIS